000 00780nam a2200217Ia 4500
001 9292
003 GE_BSU
008 181216s||||||||xx |||||||||||||| ||und||
040 _cGE_BSU
080 _a664.1/.2
100 _aЛитвак,И.М.
245 _aТехнология и технохимический контроль свеклосахарного производства.
245 _bУчебник.
245 _cРЕд. А.А.Войкова.
260 _aМ.
260 _bПищепромиздат.
260 _c1962.
300 _a448 стр. с илл. 22 см. Библиогр.: стр.443.
653 _aТехнология и технохимический контроль свеклосахарного производства.
942 _cBK
999 _c42589
_d42589